India's economic transition: the politics of reforms (Record no. 407194)

000 -LEADER
fixed length control field 00410cam a22001337a 4500
008 - FIXED-LENGTH DATA ELEMENTS--GENERAL INFORMATION
fixed length control field 180718b2007 xxu||||| |||| 00| 0 eng d
020 ## - INTERNATIONAL STANDARD BOOK NUMBER
International Standard Book Number 0195690781
082 ## - DEWEY DECIMAL CLASSIFICATION NUMBER
Classification number T19x54 M896i
245 ## - TITLE STATEMENT
Title India's economic transition: the politics of reforms
Statement of responsibility, etc. edited by Rahul Mukherji
260 ## - PUBLICATION, DISTRIBUTION, ETC.
Place of publication, distribution, etc. New Delhi
Name of publisher, distributor, etc. Oxford Univ. Press
Date of publication, distribution, etc. 2007
300 ## - PHYSICAL DESCRIPTION
Extent 460p.
650 ## - SUBJECT ADDED ENTRY--TOPICAL TERM
Topical term or geographic name entry element India --Economic conditions
700 ## - ADDED ENTRY--PERSONAL NAME
Personal name Mukherji, Rahul
Holdings
Withdrawn status Lost status Damaged status Not for loan Permanent Location Current Location Date acquired Total Checkouts Full call number Barcode Date last seen Date last checked out Price effective from Koha item type
        Indian Institute of Public Administration Indian Institute of Public Administration 2007-11-02 1 T19x54 M896i 82246 2019-05-27 2019-04-25 2018-07-21 Book

Powered by Koha